Dictionarium latino canarense Ed 2 (Record no. 215775)
[ view plain ]
| 000 -LEADER | |
|---|---|
| fixed length control field | 00476nam a2200169Ia 4500 |
| 008 - FIXED-LENGTH DATA ELEMENTS--GENERAL INFORMATION | |
| fixed length control field | 210719s2010 xx 000 0 und d |
| 041 ## - LANGUAGE CODE | |
| Language code of text/sound track or separate title | eng |
| 082 ## - DEWEY DECIMAL CLASSIFICATION NUMBER | |
| Classification number | 413 CHAD |
| 100 ## - MAIN ENTRY--PERSONAL NAME | |
| Personal name | CHARBONNAUX (Etienne Louis) |
| 245 ## - TITLE STATEMENT | |
| Title | Dictionarium latino canarense Ed 2 |
| 260 ## - PUBLICATION, DISTRIBUTION, ETC. | |
| Place of publication, distribution, etc. | Bengaluru |
| Date of publication, distribution, etc. | 2010 |
| 300 ## - PHYSICAL DESCRIPTION | |
| Extent | xv,1179 |
| Other physical details | HB |
| 365 ## - TRADE PRICE | |
| Price amount | 375 |
| Currency code | Rs |
| 650 ## - SUBJECT ADDED ENTRY--TOPICAL TERM | |
| Topical term or geographic name entry element | Dictionaries |
| 650 ## - SUBJECT ADDED ENTRY--TOPICAL TERM | |
| Topical term or geographic name entry element | Dictionaries |
| 906 ## - LOCAL DATA ELEMENT F, LDF (RLIN) | |
| a | 2 ; canarense ; Dictionarium ; Ed ; Latin kannada nighantu ; latino |
| Withdrawn status | Lost status | Damaged status | Not for loan | Collection code | Home library | Current library | Date acquired | Source of acquisition | Cost, normal purchase price | Total Checkouts | Full call number | Barcode | Date last seen | Price effective from | Koha item type |
|---|---|---|---|---|---|---|---|---|---|---|---|---|---|---|---|
| Reference Book | St Aloysius Library | St Aloysius Library | 03/08/2018 | General Annual | 375.00 | 413 CHAD | D04409 | 07/19/2021 | 07/19/2021 | Donated Books |